| 000 | 01057cam a2200301 i 4500 | ||
|---|---|---|---|
| 001 | 40061 | ||
| 003 | Mx-PuUPA | ||
| 005 | 20260306155616.0 | ||
| 008 | 140415s2009 nyua fr 001 0 eng d | ||
| 020 | _a9780451224149 | ||
| 040 |
_cMx-PuUPA _aMx-PuUPA _bspa _dMx-PuUPA _erda |
||
| 041 | 0 | _aeng | |
| 043 | _an-us | ||
| 100 | 1 |
_aRivera, Geraldo, _d1943- _eautor _917875 |
|
| 245 | 1 | 0 |
_aHispanic : _bwhy Americans fear Hispanics in the U.S. / _cGeraldo Rivera |
| 264 | 1 |
_aNew York, NY : _bCelebra, _c2009 |
|
| 300 |
_axix, 263 páginas : _bilustraciones (blanco y negro) ; _c23 cm |
||
| 336 |
_2rdacontent _atexto _btxt |
||
| 337 |
_2rdamedia _asin medio _bn |
||
| 338 |
_2rdacarrier _avolumen _bnc |
||
| 650 | 7 |
_2armarc _aExtranjeros ilegales _zEstados Unidos |
|
| 650 | 7 |
_2armarc _aLatinoamericanos _zEstados Unidos |
|
| 651 | 4 |
_aEstados Unidos _xEmigración e inmigración _xAspectos sociales |
|
| 942 |
_2ddc _cLI _h305.868073 _iR66 |
||
| 999 |
_c40061 _d40061 |
||